Isaac (Record no. 89658)

MARC details
000 -LEADER
campo de control de longitud fija 00562nam a2200169 i 4500
001 - NÚMERO DE CONTROL
campo de control 89658
003 - IDENTIFICADOR DE NÚMERO DE CONTROL
campo de control ES-MaACL
005 - FECHA Y HORA DE LA ÚLTIMA TRANSACCIÓN
campo de control 20230906180236.0
007 - CAMPO FIJO DE DESCRIPCIÓN FÍSICA--INFORMACIÓN GENERAL
campo de control de longitud fija t|
008 - DATOS DE LONGITUD FIJA--INFORMACIÓN GENERAL
campo de control de longitud fija 050112s1900 sp ||||1| spa d
080 ## - NÚMERO DE LA CLASIFICACIÓN DECIMAL UNIVERSAL
Número de la Clasificación Decimal Universal 821.134.2-31"18"
100 0# - ENTRADA PRINCIPAL--NOMBRE DE PERSONA
Nombre de persona Lasso de la Vega y Cortezo, Javier.
9 (RLIN) 70480
245 10 - MENCIÓN DEL TÍTULO
Título Isaac
Resto del título : contribución al estudio psico-patológico de una sociedad de fin de siglo /
Mención de responsabilidad, etc. novela original de Javier Lasso de la Vega.
260 ## - PUBLICACIÓN, DISTRIBUCIÓN, ETC.
Lugar de publicación, distribución, etc. Sevilla :
Nombre del editor, distribuidor, etc. [s.n.],
Fecha de publicación, distribución, etc. 1900 (
Fabricante Tip. Monsalves)
300 ## - DESCRIPCIÓN FÍSICA
Extensión 468 p. ;
Dimensiones 22 cm.
852 ## - LOCALIZACIÓN
Ubicación ES-MaACL
Número de control de estantería G-12972
Holdings
Estatus retirado Estado de pérdida Estado de daño No para préstamo Colección Biblioteca de origen Biblioteca actual Ubicación en estantería Fecha de adquisición Fuente de adquisición Total de préstamos Signatura topográfica completa Código de barras Visto por última vez Precio de reemplazo Tipo de ítem Koha
        Libros del s. XIX Biblioteca del Ateneo de Madrid Biblioteca del Ateneo de Madrid Sala Pecera Planta 3 17/01/2008     G-12972 1093636 23/02/2023 23/02/2023 Libro impreso antiguo